000 01620cad a22002415a 4500
001 E148002
008 090713s2009 xxk 000 0 eng u
035 _a(Sirsi) u148002
041 0 _aeng
050 0 4 _a347.4109 $2 18
100 1 _aBlanke, Gordon
245 0 0 _aLitigation & dispute resolution 2009
_h[electronic resource]
260 _a[S.l.]
_bICLGS
_c2009
490 0 _aInternational Comparative Legal Guide Series
505 1 _aLitigating, arbitrating and mediating competition law disputes -- Albania -- Argentina -- Austria -- Belgium -- Brazil -- Bulgaria -- Canada -- Chile -- Columbia -- Costa Rica -- Cyprus -- Czech Republic -- Denmark -- Ecuador -- El Salvador -- England and Wales -- Estonia -- Finland -- France -- Germany -- Guatamala -- Honduras -- India -- Indonesia -- Ireland -- Israel -- Italy -- Japan -- Korea -- Latvia -- Lithuania -- Luxembourg -- Malta -- Mexico -- Nicaragua -- Romania -- Russia -- Slovakia -- Slovenia -- Spain -- Switzerland -- Ukraine -- USA
520 _aLooks at factors which should be considered when deciding how to deal with competition law claims as a private party involved in proceedings involving competition law issues. Goes on to focus on policies from over 40 different political entities in the 'country chapters'.
590 _aKA
651 4 _aInternational
690 _aMANAGEMENT-DISPUTE AVOIDANCE, MANAGEMENT AND RESOLUTION-DISPUTE MANAGEMENT AND RESOLUTION
700 1 _aNazzini, Renato
_cDoctor
856 4 0 _uhttps://www.iclg.co.uk/index.php?area=4&kh_publications_id=94
_zView the item free of charge at www.iclg.co.uk...
942 _n0
999 _c109835
_d109835